| 000 | 01040nac a22002771i 4500 | ||
|---|---|---|---|
| 003 | EG-ScBUE | ||
| 005 | 20250121110259.0 | ||
| 008 | 250121t1995 moua f 001 0 eng d | ||
| 020 | _a080167722X | ||
| 040 |
_aEG-ScBUE _beng _erda _cEG-ScBUE _dEG-ScBUE |
||
| 082 | 0 | 4 |
_a530 _bCOL _222 |
| 100 | 1 |
_aColetta, Vincent P., _eauthor. |
|
| 245 | 1 | 0 |
_aCollege physics / _cVincent P. Coletta, professor Department of Pthysics, Loyola Marymount University, Los Angeles, California. |
| 264 | 1 |
_aSt. Louis, Missouri : _bMosby, _c[1995] |
|
| 264 | 4 | _cc1995 | |
| 300 |
_a1 volume (various pagings) : _billustrations (some color) ; _c27 cm |
||
| 336 |
_2rdacontent _atext _btxt |
||
| 337 |
_aunmediated _2rdamedia _bn |
||
| 338 |
_avolume _bnc _2rdacarrier |
||
| 500 | _aIncludes index. | ||
| 650 | 7 |
_aPhysics. _2BUEsh |
|
| 655 | _vReading book | ||
| 856 | 4 | 2 |
_3Publisher description _uhttp://www.loc.gov/catdir/description/mh022/94030904.html |
| 856 | 4 | 2 |
_3Table of contents _uhttp://www.loc.gov/catdir/toc/mh022/94030904.html |
| 942 |
_cBB _2ddc |
||
| 999 |
_c1382 _d1382 |
||